តម្រាសាស្រ្ត / (Record no. 6713)

MARC details
000 -LEADER
fixed length control field 01126nam a22001937a 4500
001 - CONTROL NUMBER
control field 6713
003 - CONTROL NUMBER IDENTIFIER
control field FISKH
005 - DATE AND TIME OF LATEST TRANSACTION
control field 20250521150403.0
008 - FIXED-LENGTH DATA ELEMENTS--GENERAL INFORMATION
fixed length control field 250521b cb ||||| |||| 00| 0 eng d
040 ## - CATALOGING SOURCE
Original cataloging agency FISKH
Language of cataloging khr
Transcribing agency FISKH
Modifying agency FISKH
100 ## - MAIN ENTRY--PERSONAL NAME
Personal name Phan, Korng
245 ## - TITLE STATEMENT
Title តម្រាសាស្រ្ត /
Statement of responsibility, etc. និពន្ធដោយ កង ផាន់
260 ## - PUBLICATION, DISTRIBUTION, ETC.
Place of publication, distribution, etc. ភ្នំពេញ :
Date of publication, distribution, etc. ១៩៧២ .
300 ## - PHYSICAL DESCRIPTION
Extent 195 pages :
Other physical details color illustrations ;
Dimensions 21 cm .
520 ## - SUMMARY, ETC.
Summary, etc. សៀវភៅនេះអាចប្រើជាជំនួយមើលផ្កាយចរជុំវិញឆាកជីវិតមនុស្ស មើលពីមនុស្សកើតថ្ងៃណា មាននិស្ស័យទាបខ្ពស់ ​និងវាសនារបស់មនុស្ស​នៅពេលអនាគត ។​
520 ## - SUMMARY, ETC.
Summary, etc. This book can be used as a guide to observing the movement of stars in relation to a person's life stages. It helps interpret the day a person was born, their level of fortune or destiny, and their future fate.
942 ## - ADDED ENTRY ELEMENTS (KOHA)
Source of classification or shelving scheme Dewey Decimal Classification
Koha item type Khmer Books
Suppress in OPAC No
Holdings
Withdrawn status Lost status Source of classification or shelving scheme Damaged status Not for loan Collection Home library Current library Shelving location Date acquired Total Checkouts Full call number Barcode Date last seen Price effective from Koha item type
    Dewey Decimal Classification     Khmer Language Books / សៀវភៅភាសាខ្មែរ Footprints International School Library Network Toul Tom Poung Campus Footprints International School Library Network Toul Tom Poung Campus TTP Secondary Khmer Bookshelves 05/21/2025   PHA 800 2025-1350 05/21/2025 05/21/2025 Khmer Books